Guía ecoturística. (Registro nro. 7406)
[ vista simple ]
| 000 -CABECERA | |
|---|---|
| Campo de control | 00837nam a22001937a 4500 |
| 005 - FECHA Y HORA DE LA ULTIMA TRANSACCION | |
| Campo de control | 20130722111234.0 |
| 008 - ELEMENTOS DE LONGITUD FIJA—INFORMACION GENERAL | |
| Campo de control | 130418s2010 ck a gr 00010 spa d |
| 041 0# - IDIOMA | |
| Código de idioma para texto/pista de sonido o título separado | Español |
| 044 ## - PAÍS DE PUBLICACIÓN | |
| País de publicación | Colombia |
| 082 04 - NUMERO DE CLASIFICACION DECIMAL DEWEY | |
| Número de clasificación | 333.72986 |
| Número del ítem | C78g |
| 245 10 - MENCION DE TITULO | |
| Título | Guía ecoturística. |
| 260 ## - PUBLICACION, DISTRIBUCION, ETC. (PIE DE IMPRENTA) | |
| Lugar de publicación, distribución, etc. | San Andrés, Providencia y Santa Catalina : |
| Nombre del editor, distribuidor, etc. | Corporación para el Desarrollo Sostenible del Archipiélago de San Andrés Providencia y Santa Catalina. CORALINA, |
| Fecha de publicación, distribución, etc. | [2010?] |
| 300 ## - DESCRIPCION FISICA | |
| Extensión | 28 p. : |
| Otros detalles físicos | il. ; |
| Dimensiones | 28 cm. |
| 504 ## - NOTA DE BIBLIOGRAFIA, ETC. | |
| Nota de bibliografía | Incluye bibliografía. |
| 650 #6 - ASIENTO SECUNDARIO DE MATERIA - TERMINO TEMATICO | |
| Término temático o nombre geográfico como elemento de entrada | Conservación de los recursos naturales |
| Subdivisión geográfica | San Andrés y Providencia (Islas, Colombia) |
| 650 #4 - ASIENTO SECUNDARIO DE MATERIA - TERMINO TEMATICO | |
| Término temático o nombre geográfico como elemento de entrada | Turismo ecológico |
| Subdivisión geográfica | San Andrés y Providencia (Islas, Colombia) |
| 650 #4 - ASIENTO SECUNDARIO DE MATERIA - TERMINO TEMATICO | |
| Término temático o nombre geográfico como elemento de entrada | Protección de los recursos naturales |
| Subdivisión geográfica | San Andrés y Providencia (Islas, Colombia) |
| 942 ## - ELEMENTOS ADICIONALES (KOHA) | |
| Sistema de clasificación | Dewey Decimal Classification |
| Tipo de ítem | |
| Withdrawn status | Lost status | Sistema de Clasificación | Damaged status | No para préstamo | Colección | Inventariado | Ubicación Permanente | Ubicación actual | Fecha de adquisición | Fuente de Valor | Valor | Total Checkouts | Número topográfico | Inventario / Código de Barras | Date last seen | Ejemplar | Price effective from | Tipo de material |
|---|---|---|---|---|---|---|---|---|---|---|---|---|---|---|---|---|---|---|
| Dewey Decimal Classification | General | Inventariado 2017 | Bogotá | Bogotá | 22/07/2013 | Instituto | 39000.00 | LB 333.72986 C78g | 028602 | 22/07/2013 | Ej. 1 | 22/07/2013 | Libro |